| 000 | 01212cam a2200361 a 4500 | ||
|---|---|---|---|
| 999 |
_c234575 _d234575 |
||
| 001 | 17664276 | ||
| 003 | Nust | ||
| 005 | 20170324123108.0 | ||
| 008 | 130319s2012 enk 000 d eng d | ||
| 010 | _a 2012515373 | ||
| 020 | _a9780007902361 (pbk.) | ||
| 040 |
_aUKMGB _beng _cUKMGB _dOCLCF _dOCLCO _dDLC |
||
| 042 | _alccopycat | ||
| 043 | _ae-it--- | ||
| 050 | 0 | 0 |
_aPR2831.A2 _bB65 2012 |
| 082 | 0 | 0 |
_a822.33 _bSHA |
| 100 | 1 |
_aShakespeare, William, _d1564-1616. |
|
| 240 | 1 | 0 | _aRomeo and Juliet |
| 245 | 1 | 0 |
_aRomeo and Juliet / _cWilliam Shakespeare. |
| 246 | 3 | _aRomeo and Juliet | |
| 250 |
_aNew ed. / _bedited by Max Bollinger. |
||
| 260 |
_aLondon ; _aNew York : _bSovereign, _c2010. |
||
| 300 |
_a300 p. ; _c21 cm. |
||
| 530 | _aAlso issued online. | ||
| 650 | 0 |
_aRomeo (Fictitious character) _vDrama. |
|
| 650 | 0 |
_aJuliet (Fictitious character) _vDrama. |
|
| 650 | 0 |
_aVendetta _zItaly _zVerona _vDrama. |
|
| 651 | 0 |
_aVerona (Italy) _vDrama. |
|
| 655 | 7 |
_aTragedies. _2gsafd |
|
| 700 | 1 |
_aBollinger, Max, _d1974- _eeditor. |
|
| 906 |
_a7 _bcbc _ccopycat _d2 _encip _f20 _gy-gencatlg |
||
| 942 |
_2ddc _cBK |
||